[Event "Challenge"]
[Site "http://www.queenalice.com/game.php?id=471508"]
[Date "2008.10.2"]
[Round "-"]
[White "CleitonNog"]
[Black "Thall"]
[Result "0-1"]
[WhiteElo "1165"]
[BlackElo "1678"]

1. d4 d5 2. c4 e6 3. Nc3 Be7 4. e3 Nf6 5. Nf3 Nc6 6. Bd3 O-O 7. O-O dxc4 8. Bxc4
Re8 9. Qc2 b6 10. a3 Bb7 11. Rd1 Bd6 12. e4 e5 13. dxe5 Nxe5 14. Nxe5 Rxe5 15.
Bf4 Bxe4 16. Nxe4 Rxe4 17. Bxd6 cxd6 0-1

[Event "Challenge"]
[Site "http://www.queenalice.com/game.php?id=471509"]
[Date "2008.10.2"]
[Round "-"]
[White "CleitonNog"]
[Black "HanoiTower"]
[Result "0-1"]
[WhiteElo "1152"]
[BlackElo "1962"]

1. e4 c6 2. d4 d5 3. Nc3 dxe4 4. Nxe4 Bf5 5. Ng3 Bg6 6. Nf3 e6 7. h4 h6 8. h5
Bh7 9. Bd3 Bxd3 10. Qxd3 Nf6 11. Bd2 Bd6 12. O-O-O O-O 13. Ne4 Ng4 14. Kb1 Be7
15. Ne5 Nxe5 16. dxe5 Nd7 17. g4 Nxe5 18. Qxd8 Raxd8 19. Bc3 Nxg4 20. Kc1 f5 21.
Rhg1 Bh4 22. Rg2 fxe4 23. Rxg4 Bg5+ 24. Kb1 Rxd1# 0-1

[Event "AUTO-OPEN-1291"]
[Site "http://www.queenalice.com/game.php?id=473481"]
[Date "2008.10.6"]
[Round "1"]
[White "PawnOne"]
[Black "CleitonNog"]
[Result "1-0"]
[WhiteElo "1969"]
[BlackElo "1165"]

1. e4 c5 2. Nf3 d6 3. Nc3 a6 4. d4 cxd4 5. Nxd4 Nf6 6. Bg5 e6 7. Bd3 Be7 8. Qe2
Nc6 9. Nxc6 bxc6 10. O-O O-O 11. a3 Bd7 12. Bxa6 Qc7 13. b4 Qb6 14. Bd3 Rfc8 15.
Qe3 Qxe3 16. Bxe3 Ng4 17. Bf4 e5 18. Bg3 Ra7 19. h3 Nf6 20. Ne2 c5 21. bxc5 1-0

[Event "AUTO-OPEN-1291"]
[Site "http://www.queenalice.com/game.php?id=473482"]
[Date "2008.10.6"]
[Round "1"]
[White "CleitonNog"]
[Black "PawnOne"]
[Result "0-1"]
[WhiteElo "1165"]
[BlackElo "1967"]

1. e4 e5 2. Nf3 Nc6 3. Bb5 d6 4. O-O Bd7 5. c3 a6 6. d4 exd4 7. Ba4 dxc3 8. Nxc3
Nf6 9. Re1 Ne5 10. Bg5 Be7 11. Rc1 O-O 12. h3 h6 13. Be3 Bxa4 14. Nxa4 b5 15.
Nc3 c6 16. Nxe5 dxe5 17. f4 exf4 18. Bxf4 Bb4 19. Qc2 Bc5+ 20. Kh1 Re8 0-1

[Event "AUTO-OPEN-1291"]
[Site "http://www.queenalice.com/game.php?id=473501"]
[Date "2008.10.6"]
[Round "1"]
[White "sativa"]
[Black "CleitonNog"]
[Result "0-1"]
[WhiteElo "1604"]
[BlackElo "1165"]

1. e4 c5 2. Nf3 d6 3. d4 cxd4 4. Nxd4 Nf6 5. Nc3 a6 6. Be3 e5 7. Nb3 b5 8. Qd3
Qc7 9. a4 b4 10. Nd5 Nxd5 0-1

[Event "AUTO-OPEN-1291"]
[Site "http://www.queenalice.com/game.php?id=473513"]
[Date "2008.10.6"]
[Round "1"]
[White "CleitonNog"]
[Black "KlingonWarrior"]
[Result "0-1"]
[WhiteElo "1088"]
[BlackElo "2179"]

1. e4 c5 2. Nf3 e6 3. d4 cxd4 4. Nxd4 Nf6 5. Nc3 Nc6 6. Be2 Bb4 7. f3 d5 8. Bg5
Qa5 9. O-O Nxd4 10. Qxd4 Bc5 0-1

[Event "AUTO-OPEN-1292"]
[Site "http://www.queenalice.com/game.php?id=473774"]
[Date "2008.10.7"]
[Round "1"]
[White "XaraX"]
[Black "CleitonNog"]
[Result "1-0"]
[WhiteElo "1872"]
[BlackElo "1246"]

1. d4 Nf6 2. c4 g6 3. Nc3 Bg7 4. Bg5 d6 5. Nf3 Nbd7 6. e3 O-O 7. Be2 e5 8. dxe5
dxe5 9. O-O c6 10. b3 b6 11. Bxf6 Nxf6 12. Nxe5 Qxd1 13. Raxd1 Bf5 14. Nxc6 Be4
15. Nxe4 Nxe4 16. Ne7+ Kh8 17. Nd5 Rfd8 18. Bf3 Ng5 19. Be2 f5 20. h3 Ne4 21. f3
Nc3 22. Nxb6 Nxe2+ 23. Kf2 axb6 24. Kxe2 Rxa2+ 25. Ke1 Rxd1+ 26. Kxd1 Ra1+ 27.
Ke2 Rxf1 28. Kxf1 Bc3 29. Ke2 Kg7 30. Kd3 Ba5 31. g4 1-0

[Event "AUTO-OPEN-1292"]
[Site "http://www.queenalice.com/game.php?id=473775"]
[Date "2008.10.7"]
[Round "1"]
[White "CleitonNog"]
[Black "XaraX"]
[Result "0-1"]
[WhiteElo "1246"]
[BlackElo "1874"]

1. e4 e5 2. Nf3 Nc6 3. Bb5 Nge7 4. O-O g6 5. c3 Bg7 6. d4 exd4 7. cxd4 a6 8. Ba4
b5 9. Bb3 O-O 10. Bg5 d6 11. Nc3 Bg4 12. d5 Nd4 13. Bxe7 Qxe7 14. Re1 Nxb3 15.
axb3 b4 16. Na4 Bd7 17. Qc2 Bg4 18. Qd3 a5 19. Nd4 Bxd4 20. Qxd4 Rfe8 21. Rac1
Bf5 22. f3 Bd7 23. Rxc7 Rac8 24. Rxd7 Qxd7 25. Nb6 Qa7 26. Rd1 Rb8 27. Nc4 Qxd4+
28. Rxd4 Red8 29. Nxa5 Rb5 30. Nc6 Ra8 31. Nxb4 Rab8 0-1

[Event "AUTO-BEG-254"]
[Site "http://www.queenalice.com/game.php?id=473796"]
[Date "2008.10.7"]
[Round "1"]
[White "Putz"]
[Black "CleitonNog"]
[Result "0-1"]
[WhiteElo "1379"]
[BlackElo "1202"]

1. d4 Nf6 2. g3 d5 3. Bg2 b6 4. e3 Bb7 5. Nf3 Nbd7 6. a4 e6 7. Qd3 Be7 8. O-O c5
9. dxc5 bxc5 10. b3 Ne4 11. Nc3 Nxc3 12. Qxc3 Bf6 13. Qd2 Bxa1 14. c3 O-O 15.
Ba3 Qf6 16. Rxa1 Rac8 17. c4 Qxa1+ 18. Bc1 Ne5 19. cxd5 Bxd5 20. Qb2 Qxb2 21.
Bxb2 Nxf3+ 0-1

[Event "AUTO-BEG-254"]
[Site "http://www.queenalice.com/game.php?id=473797"]
[Date "2008.10.7"]
[Round "1"]
[White "CleitonNog"]
[Black "Putz"]
[Result "0-1"]
[WhiteElo "1212"]
[BlackElo "1359"]

1. e4 e5 2. Nf3 Nc6 3. Bb5 Qf6 4. O-O b6 5. c3 Bb7 6. Re1 Bc5 7. Qe2 a6 8. Ba4
h5 9. Bb3 O-O-O 10. d3 g5 11. Bxg5 Qg6 12. Bxd8 Kxd8 13. Nbd2 Na5 14. Bc2 h4 15.
Nxe5 Qg5 16. Nxf7+ Kc8 17. Nxg5 Be7 18. c4 Bxg5 19. Nb3 c5 20. Nxa5 bxa5 21. Ba4
Nf6 22. e5 Re8 23. d4 cxd4 0-1

[Event "AUTO-BEG-254"]
[Site "http://www.queenalice.com/game.php?id=473808"]
[Date "2008.10.7"]
[Round "1"]
[White "Dayanamatos"]
[Black "CleitonNog"]
[Result "1-0"]
[WhiteElo "1039"]
[BlackElo "1246"]

1. d4 d5 2. Nc3 Nf6 3. Bg5 e6 4. Nf3 Nbd7 5. g4 c5 6. dxc5 Bxc5 7. Bg2 O-O 8.
O-O b6 9. Nb5 Bb7 10. c3 a6 11. Nbd4 Rc8 12. Nh4 Qc7 13. b4 Bxd4 14. cxd4 Qc2
15. Qe1 Ne4 16. Be7 Rfe8 17. Bd6 Nxd6 18. a4 e5 19. dxe5 Nxe5 20. f4 Nxg4 21. h3
Rxe2 22. Qc1 Qxc1 23. Raxc1 Nc4 24. hxg4 1-0

[Event "AUTO-BEG-254"]
[Site "http://www.queenalice.com/game.php?id=473816"]
[Date "2008.10.7"]
[Round "1"]
[White "CleitonNog"]
[Black "ralozaga"]
[Result "0-1"]
[WhiteElo "1199"]
[BlackElo "1232"]

1. e4 e5 2. Nf3 Nc6 3. Bb5 a6 4. Ba4 Nf6 5. O-O Bc5 6. c3 O-O 7. Qe2 d5 8. d3
dxe4 9. dxe4 Bg4 10. Nbd2 Qd7 11. Bc2 Bxf3 12. Qxf3 Ng4 13. h3 Nxf2 14. Rxf2
Bxf2+ 15. Qxf2 Ne7 16. Nc4 Rad8 17. Nxe5 Qb5 18. Ng4 h5 19. Nf6+ gxf6 20. Bh6
Qb6 21. Qxb6 cxb6 22. Bxf8 Kxf8 23. Rd1 Rxd1+ 0-1

[Event "AUTO-BEG-254"]
[Site "http://www.queenalice.com/game.php?id=473817"]
[Date "2008.10.7"]
[Round "1"]
[White "ralozaga"]
[Black "CleitonNog"]
[Result "1-0"]
[WhiteElo "1247"]
[BlackElo "1181"]

1. e4 e5 2. Nf3 Nc6 3. Bb5 a6 4. Ba4 Nf6 5. O-O Be7 6. Nc3 b5 7. Bb3 O-O 8. d4
Na5 9. dxe5 Nxb3 10. axb3 Ne8 11. Bg5 Bxg5 12. Nxb5 axb5 13. Rxa8 d6 14. Nxg5
Qxg5 15. Rxc8 Qxe5 16. Re1 Qxb2 17. e5 dxe5 18. Qd8 g6 19. g3 Qxc2 20. Rxe5 Qxb3
21. Rxe8 Rxe8 22. Qxe8+ Kg7 23. Qe5+ Kh6 24. Qe3+ 1-0